Movimiento social contra el TLC en Costa Rica: Una mirada desde los actores sociales
En este tercer número de la serie Sula Batsú, la Cooperativa presenta una versión sintetizada de los resultados de un proceso de investigación sobre el movimiento social que se desarrolla alrededor del Referéndum, convocado en Costa Rica el 7 de Octubre del 2007, para decidir sobre la participación...
Salvato in:
| Autore principale: | |
|---|---|
| Ente Autore: | |
| Altri autori: | , |
| Natura: | Libro |
| Lingua: | Spanish |
| Pubblicazione: |
San José, Costa Rica
Perro Azul
2010
|
| Serie: | Serie Sula Batsú
3 |
| Soggetti: | |
| Tags: |
Aggiungi Tag
Nessun Tag, puoi essere il primo ad aggiungerne!!
|
MARC
| LEADER | 00000nam a22000007a 4500 | ||
|---|---|---|---|
| 003 | cru CIDCACS/IIS | ||
| 005 | 20230713151252.0 | ||
| 008 | 230713b2010 cr ||||| |||| 00| 0 spa d | ||
| 020 | |a 978-9968-83495-7 | ||
| 040 | |c cru CIDCACS/IIS | ||
| 090 | |a 09.05.01 M935m | ||
| 100 | 1 | |9 11569 |a Salas, Margarita | |
| 110 | 1 | |9 11559 |a Cooperativa Sulá Batsú | |
| 245 | |a Movimiento social contra el TLC en Costa Rica: |b Una mirada desde los actores sociales | ||
| 260 | |a San José, Costa Rica |b Perro Azul |c 2010 | ||
| 300 | |a 39 páginas | ||
| 440 | |9 11575 |a Serie Sula Batsú |v 3 | ||
| 520 | |a En este tercer número de la serie Sula Batsú, la Cooperativa presenta una versión sintetizada de los resultados de un proceso de investigación sobre el movimiento social que se desarrolla alrededor del Referéndum, convocado en Costa Rica el 7 de Octubre del 2007, para decidir sobre la participación de este país en el Tratado de Libre Comercio entre Estados Unidos, Centroamérica y Republica Dominicana (TLC). | ||
| 650 | 0 | |9 3 |a MOVIMIENTOS SOCIALES |0 TESAUROS | |
| 650 | 0 | |9 8396 |a ACTORES SOCIALES |0 TESAUROS | |
| 650 | 0 | |9 3831 |a TRATADO DE LIBRE COMERCIO |0 TESAUROS | |
| 650 | 0 | |9 303 |a REFERENDUM |0 TESAUROS | |
| 700 | 1 | |9 11570 |a Camacho Regidor, Kembly | |
| 700 | 1 | |9 11572 |a Alvarado, Andrea | |
| 700 | 1 | |9 11573 |a Alvarado, Andrea | |
| 700 | 1 | |9 11574 | |
| 942 | |2 z |c LI |h 09.05.01 M935m |i 23373 |6 090501_M935M_23373 | ||
| 999 | |c 45197 |d 45197 | ||



